000 01173nam a22003257a 4500
003 CHAP
005 20220329140525.0
008 971013s r 00010 d
010 _a53300
011 _a54272
035 _a58423
040 _cCHAP
082 _a632.58
_bW42
245 _aWeed control manual
260 _aWilloughby, Ohio :
_bMeister,
_c19 -
300 _av.
500 _aLa biblioteca tiene: 1980, 1982, 1985, 1986
590 _aBATCH-UPD
_b10
_c20130110
_lUCH01
_h0910
590 _aCONVERSION
_b10
_c20130109
_lUCH01
_h1329
650 1 4 _aHerbicidas.
_953691
650 1 4 _aMalas hierbas
_xControl.
_970011
901 _aBK
942 _cLIBRO
949 _a632.58 W42
_bBC
_cC
_d-126802
_eC
_f1982
_h58766
_i58423
_si
_t286.00
949 _a632.58 W42
_bBC
_cC
_d-126807
_eC
_f1986
_gI.133687
_h69776
_i58423
_si
_t286.00
949 _a632.58 W42
_bBC
_cC
_d33724000647954
_eC
_f1982 c.2
_h59912
_i58423
_si
_t286.00
949 _a632.58 W42
_bBC
_cC
_d33724000649216
_eC
_f1980
_h48358
_i58423
_si
_t286.00
949 _a632.58 W42
_bBC
_cC
_d33724000649232
_eC
_f1986 c.2
_h78803
_i58423
_sb
_t286.00
949 _a632.58 W42
_bBC
_cC
_d33724000649240
_eC
_f1985
_h66677
_i58423
_si
_t286.00
999 _c53300
_d53300